Reforma priemyselnej a obchodnej politiky - cesta riešenia finančnej krízy juhokórejskej ekonomiky

Finančná kríza v Južnej Kórei. Vývoj hlavných ekonomických ukazovateľov v rokoch 1960-1997. Urýchlenie adaptačných procesov a reštrukturalizácia priemyslu. Záchranný program Medzinárodného menového fondu.

Saved in:
Bibliographic Details
Main Author: Baláž, Peter
Other Authors: Young, Gu Suh
Format: Book Chapter
Language:Slovak
Subjects:
Tags: Add Tag
No Tags, Be the first to tag this record!

MARC

LEADER 00000naa a2200000 4500
001 r036375
005 20240502083120.9
041 0 |a slo 
044 |a CZ 
245 1 0 |a Reforma priemyselnej a obchodnej politiky - cesta riešenia finančnej krízy juhokórejskej ekonomiky  |c Peter Baláž, Gu Suh Young 
520 |a Finančná kríza v Južnej Kórei. Vývoj hlavných ekonomických ukazovateľov v rokoch 1960-1997. Urýchlenie adaptačných procesov a reštrukturalizácia priemyslu. Záchranný program Medzinárodného menového fondu. 
610 2 0 |a kríza finančná 
610 2 0 |a reformy hospodárske 
610 2 0 |a vývoj hospodársky 
610 2 0 |a ukazovatele makroekonomické 
610 2 0 |a reštrukturalizácia 
610 2 0 |a priemysel 
610 2 0 |a Južná Kórea 
100 1 |a Baláž, Peter 
700 1 |a Young, Gu Suh